000 01091naa a22003017a 4500
001 BR7902571
003 BR-BrBNA
005 20250714162957.0
007 ta
008 250630b bl.|||m| |||| 00| 0 por d
040 _aBR-BrBNA
_bpor
_cBiblioteca Nacional de Agricultura
041 _a(Pt)
072 _aF60; F25
_b2120
090 _aF60 BR7902571
100 1 _aChaves, J.C.D.
245 1 _aNutricao e adubacao do cafeeiro [Nutriente mineral; Adubo organico; NPK; Coffea arabica; Exigencia nutricional]
500 _aManual agropecuario para o Parana Londrina, PR (Brasil): 1978. p. 181-189 (BR7902571-AMS)
773 0 _tManual agropecuario para o Parana
_wF60 BR7902571
_gLondrina, PR (Brasil), 1978. p. 181-189
650 _aNutricao vegetal
650 _aFertilidade do solo
650 _aNutriente mineral
650 _aAdubacao
650 _aAdubo organico
650 _aExigencia nutricional
490 _aManual Agropecuario para o Parana - Fundacao Instituto Agronomico do Parana (Brazil)
_vv. 2
942 _cAMS
_2AGRIS
909 _a202506
_bLúcia
_c55
_dLúcia Elande
999 _c333248
_d333248